Robin Hood / (Record no. 197737)

MARC details
000 -CABECERA
campo de control de longitud fija 00816nam a2200229 u 4500
005 - FECHA Y HORA DE LA ÚLTIMA TRANSACCIÓN
campo de control 20220906130604.0
008 - ELEMENTOS DE LONGITUD FIJA--INFORMACIÓN GENERAL
campo de control de longitud fija 180620s2010 r 000 0 eng d
020 ## - NÚMERO INTERNACIONAL NORMALIZADO PARA LIBROS
Número Internacional Estándar del Libro 9788415089094
035 ## - NÚMERO DE CONTROL DEL SISTEMA
Número de control de sistema UPN01000225641
049 ## - COLECCIÓN
Colección CG
050 #4 - SIGNATURA TOPOGRÁFICA DE LA BIBLIOTECA DEL CONGRESO
Número de clasificación PR2125
Número de documento/Ítem R6.2
245 00 - MENCIÓN DE TÍTULO
Título Robin Hood /
Mención de responsabilidad, etc. anónimo ; tr. Benjamin Briggent.
260 ## - PUBLICACIÓN, DISTRIBUCIÓN, ETC.
Lugar de publicación, distribución, etc. Barcelona, Esp. :
Nombre del editor, distribuidor, etc. Plutón,
Fecha de publicación, distribución, etc. c2010.
300 ## - DESCRIPCIÓN FÍSICA
Extensión 186 p.
440 #0 - MENCIÓN DE SERIE/ASIENTO SECUNDARIO--TÍTULO
Título Travesía
500 ## - NOTA GENERAL
Nota general "Un autor anónimo de fecha incierta, escribió esta bella y novelesca leyenda inglesa. William Scott en Ivanhoe y Douglas Fairbanks (1922) y Errol Flynn (1938) en el cine lo consagrarán internacionalmente"
650 #7 - ASIENTO SECUNDARIO DE MATERIA - TERMINO TEMATICO
Término de materia o nombre geográfico como elemento de entrada Leyendas inglesas
Fuente del encabezamiento o término
9 (RLIN) 22545
650 #7 - ASIENTO SECUNDARIO DE MATERIA - TERMINO TEMATICO
Término de materia o nombre geográfico como elemento de entrada Robin Hood (Personaje legendario)
Fuente del encabezamiento o término
9 (RLIN) 16639
905 ## - TIPO DE MATERIAL
Tipo de material Libro
Holdings
Estado de retiro Estado de pérdida Fuente del sistema de clasificación o colocación Estado dañado No para préstamo Código de colección Localización permanente Ubicación/localización actual Ubicación en estantería Total de préstamos Clasificación Código de barras Fecha visto por última vez Número de copia Tipo de ítem Koha
    Library of Congress Classification     Colección General Bib. Gregorio Torres Quintero Bib. Gregorio Torres Quintero Planta baja   PR2125 R6.2 325845 31/12/2020 1 Libro
    Library of Congress Classification     Colección General Bib. Gregorio Torres Quintero Bib. Gregorio Torres Quintero Planta baja   PR2125 R6.2 322972 31/12/2020 1 Libro
    Library of Congress Classification     Colección General Bib. Gregorio Torres Quintero Bib. Gregorio Torres Quintero Planta baja   PR2125 R6.2 322971 31/12/2020 1 Libro